[Event "9th RTU Open 2019"]
[Site "Riga"]
[Date "2019.08.05"]
[Round "1.31"]
[White "Jurcik, Marian"]
[Black "Alvarado Ascanio, Francisco"]
[Result "1/2-1/2"]
[WhiteElo "2501"]
[BlackElo "2166"]
[Annotator "TA"]
[PlyCount "80"]
[EventDate "2019.08.05"]
[EventType "swiss"]
[EventCountry "LAT"]
[SourceTitle "playchess.com"]
[Source "ChessBase"]
[SourceQuality "1"]

{[%evp 11,80,15,24,23,31,35,33,41,47,39,64,57,71,0,42,45,60,54,50,50,68,53,66,66,58,30,30,57,49,54,34,-17,-16,-18,-20,-22,-45,-10,0,0,70,70,78,-24,12,20,81,71,160,-7,24,0,0,-251,-22,-255,-246,-240,0,0,0,0,0,0,0,0,0,0,238,237,238]} 1. c4 Nf6 2. Nc3 e6 3. e4 d5 4. cxd5 exd5 5. e5 Ne4 6. Nf3 Nxc3 7. bxc3 {A18: English Opening: Flohr-Mikenas System (1 c4 Nf6 2 Nc3 e6 3 e4)} c5 (7... Be7 8. d4 c5 9. Be2 Nc6 10. O-O O-O 11. dxc5 Bxc5 12. Bg5 Qa5 13. Qc2 Bg4 14. Bf4 h6 {½-½ (52) Gelfand,B (2697)-Esipenko,A (2564) Moscow 2017}) 8. d4 c4 9. g3 $146 {White is slightly better.} ({Predecessor:} 9. Be2 Be7 10. O-O O-O 11. Ne1 Nc6 12. Nc2 b5 13. Ne3 {1-0 (41) Lewi,J-Matkowski,W Lublin 1969}) 9... Be7 10. Bg2 O-O 11. O-O Na6 12. Qc2 ({Better is} 12. a4 $16) 12... Be6 13. a4 {[%cal Ba2a4,Ba4b5][%mdl 32]} Nc7 14. Ba3 Bxa3 15. Rxa3 a5 16. Rb1 b5 17. axb5 Qd7 $1 18. Qa4 Rfb8 {[%cal Rc7b5]} 19. b6 Qxa4 20. Rxa4 {Hoping for Nd2.} Bd7 21. Rba1 (21. Raa1 $14 Nb5 22. Nd2 Nxc3 23. Re1) 21... Rxb6 $11 22. Rxa5 Rxa5 23. Rxa5 Rb1+ 24. Bf1 Bh3 {[%csl Gh3][%cal Rb1f1]} 25. Nd2 Rc1 (25... Rd1 $11) 26. Rc5 $1 $14 {[%cal Rc5c7]} Ne6 {[#]} 27. Rxd5 (27. Rb5 $1 $16) 27... Kf8 (27... g5 {is interesting.} 28. f4 gxf4 29. Rb5 fxg3 30. hxg3 Bxf1 31. Nxf1 Rxc3 32. d5 Nd4) 28. f4 {Black should prevent Kf2.} Bxf1 (28... g5 $11) 29. Nxf1 $16 Rxc3 $11 {[%mdl 4096] Endgame KRN-KRN} 30. Rd6 $2 ({White has to play} 30. f5 $16 Ng5 31. f6 gxf6 32. exf6) 30... Rc1 {...c3 is the strong threat.} 31. d5 Nd4 $1 32. Rd8+ Ke7 33. Ra8 $2 (33. Rc8 $11) 33... c3 $19 34. d6+ Kd7 $2 (34... Ke6 $19 35. Re8+ Kd7 36. Re7+ Kd8 37. Rxf7 c2 38. Rf8+ Kd7 39. Rf7+ {[%mdl 64] Double Attack} Ke8 40. Re7+ Kd8) 35. Ra7+ Ke8 {Strongly threatening ...c2.} 36. Ra8+ Kd7 {Threatens to win with ...c2.} 37. Ra7+ Ke8 {aiming for ...c2.} 38. Ra8+ Kd7 {And now ...c2 would win.} 39. Ra7+ Kc6 $2 {[#]} (39... Ke8 $11 {and Black is okay.} 40. Kf2 c2 41. Ra8+ Kd7 42. Ra7+ Kd8 43. Ra8+ Kd7 44. Ra7+ Ke8 45. Ra8+ Kd7) 40. Rc7+ $1 $18 ({Don't blunder} 40. Rxf7 $2 Ne6 $19) 40... Kb6 {Accuracy: White = 47%, Black = 61%.} 1/2-1/2

[Event "9th RTU Open 2019"]
[Site "Riga"]
[Date "2019.08.05"]
[Round "1.32"]
[White "Ivanov, Igor"]
[Black "Gagare, Shardul"]
[Result "0-1"]
[WhiteElo "2203"]
[BlackElo "2476"]
[Annotator "TA"]
[PlyCount "44"]
[EventDate "2019.08.05"]
[EventType "swiss"]
[EventCountry "LAT"]
[SourceTitle "playchess.com"]
[Source "ChessBase"]
[SourceQuality "1"]

{[%evp 9,130,-1,3,-7,31,26,39,38,40,29,31,-6,-4,-21,-14,-16,-14,-46,-40,-61,-75,-70,-50,-64,-77,-61,-50,-64,-60,-65,-68,-72,-61,-64,-29,-36,-22,-12,-7,-28,0,0,0,0,0,0,0,0,0,0,12,0,7,0,0,-54,15,12,53,16,40,11,55,0,4,0,0,0,0,0,0,0,0,0,0,0,0,0,0,-118,-125,-155,-113,-171,-112,-106,-102,-308,-262,-447,-334,-439,-235,-646,-561,-1599,-1581,-1570,-1522,-1442,-1431,-1392,-1305,-1256,-1178,-1087,-449,-29983,-29984,-29984,-29985,-29985,-29986,-29986,-29986,-29987,-29988,-29988,-29989,-29988,-29989,-29995,-5093]} 1. c4 e5 2. Nc3 Bb4 3. Qc2 Nf6 4. Nf3 Qe7 5. Nd5 (5. g3 e4 6. Nd4 O-O 7. Bg2 Qc5 8. a3 Qxd4 9. axb4 Qxc4 10. b3 Qe6 11. Nxe4 Nc6 12. Nxf6+ Qxf6 {½-½ (60) Oparin,G (2609)-Inarkiev,E (2690) Satka 2018}) 5... Nxd5 6. cxd5 {A21: English Opening: 1...e5 2 Nc3} e4 $146 ({Predecessor:} 6... c6 7. e3 O-O 8. Bd3 g6 9. a3 Bd6 10. Bc4 b5 11. Ba2 Bb7 12. dxc6 Nxc6 {0-1 (62) Ljubojevic,L (2571)-Timman,J (2578) Platja d'Aro 2017}) 7. Nd4 $1 Qe5 8. e3 {White is slightly better.} c6 9. a3 Be7 $1 10. dxc6 Nxc6 11. Nxc6 dxc6 12. d4 Qf5 $36 {[%mdl 2048] Black is more active.} 13. b3 O-O 14. f3 exf3 {[%mdl 64] Discovered Attack} 15. Qxf5 Bxf5 16. gxf3 Bh4+ 17. Kd2 Rad8 18. Bd3 Be6 19. b4 f5 20. Ke2 {[#]} f4 $1 {[%mdl 512]} 21. exf4 Bd5 22. Be4 Bc4+ {Played: Bh4-f6} 0-1

[Event "9th RTU Open 2019"]
[Site "Riga"]
[Date "2019.08.05"]
[Round "1.33"]
[White "Zanan, Evgeny"]
[Black "Wartiovaara, Oliver"]
[Result "1-0"]
[WhiteElo "2505"]
[BlackElo "2170"]
[Annotator "ChessBase"]
[PlyCount "47"]
[EventDate "2019.08.05"]
[EventType "swiss"]
[EventCountry "LAT"]
[SourceTitle "playchess.com"]
[Source "ChessBase"]
[SourceQuality "1"]
[TimeControl "5400+30"]

1. d4 {[%emt 0:03:13]} Nf6 {[%emt 0:00:00]} 2. Bf4 {[%emt 0:00:04]} g6 {[%emt 0:00:12]} 3. Nc3 {[%emt 0:00:04]} d5 {[%emt 0:00:07]} 4. e3 {[%emt 0:00:10]} Bg7 {[%emt 0:00:29]} 5. Nb5 {[%emt 0:01:12]} Na6 {[%emt 0:01:04]} 6. h3 {[%emt 0:00:18]} c6 {[%emt 0:04:41]} 7. Nc3 {[%emt 0:01:51]} Nc7 {[%emt 0:05:46]} 8. Nf3 {[%emt 0:00:11]} O-O {[%emt 0:00:40]} 9. Be2 {[%emt 0:07:10]} Re8 {[%emt 0:16:51]} 10. O-O {[%emt 0:04:29]} Ne4 {[%emt 0:05:21]} 11. Nxe4 {[%emt 0:13:24]} dxe4 {[%emt 0:00:06]} 12. Ne5 {[%emt 0:01:26]} f6 {[%emt 0:06:48]} 13. Nc4 {[%emt 0:00:38]} b5 {[%emt 0:06:16]} 14. Nd2 {[%emt 0:00:49]} f5 {[%emt 0:02:49]} 15. c4 {[%emt 0:05:06]} e5 {[%emt 0:06:04]} 16. dxe5 {[%emt 0:01:14]} Bxe5 {[%emt 0:02:00]} 17. Bxe5 {[%emt 0:00:15]} Rxe5 {[%emt 0:00:06]} 18. Nb3 {[%emt 0:03:29]} Qf6 {[%emt 0:09:50]} 19. cxb5 {[%emt 0:06:42]} cxb5 {[%emt 0:02:59]} 20. Rc1 {[%emt 0:02:16]} Nd5 {[%emt 0:06:21]} 21. Qd4 {[%emt 0:14:38]} f4 {[%emt 0:05:28]} 22. Rc5 {[%emt 0:00:58]} Qg5 {[%emt 0:02:21]} 23. h4 {[%emt 0:00:36]} Qf6 {[%emt 0:04:28]} 24. Rxd5 {[%emt 0:00:07]} 1-0

[Event "9th RTU Open 2019"]
[Site "Riga"]
[Date "2019.08.06"]
[Round "2.1"]
[White "Hedman, Erik"]
[Black "Kovalenko, Igor"]
[Result "0-1"]
[WhiteElo "2373"]
[BlackElo "2654"]
[Annotator "ChessBase"]
[PlyCount "68"]
[EventDate "2019.08.05"]
[EventType "swiss"]
[EventCountry "LAT"]
[SourceTitle "playchess.com"]
[Source "ChessBase"]
[SourceQuality "1"]
[TimeControl "5400+30"]

1. d4 {[%emt 0:00:20]} Nf6 {[%emt 0:02:46]} 2. c4 {[%emt 0:00:26]} g6 {[%emt 0:00:42]} 3. Nc3 {[%emt 0:00:40]} Bg7 {[%emt 0:00:03]} 4. e4 {[%emt 0:00:05]} d6 {[%emt 0:00:03]} 5. Be2 {[%emt 0:00:07]} O-O {[%emt 0:00:54]} 6. Bg5 {[%emt 0:00:06]} h6 {[%emt 0:11:15]} 7. Be3 {[%emt 0:01:55]} e5 {[%emt 0:00:03]} 8. d5 {[%emt 0:02:10]} Na6 {[%emt 0:00:05]} 9. Qd2 {[%emt 0:02:03]} Kh7 {[%emt 0:02:54]} 10. f3 {[%emt 0:05:26]} Bd7 {[%emt 0:18:02]} 11. g4 {[%emt 0:06:10]} c6 {[%emt 0:06:04]} 12. h4 {[%emt 0:03:05]} cxd5 {[%emt 0:00:57]} 13. cxd5 {[%emt 0:01:25]} h5 {[%emt 0:00:52]} 14. g5 {[%emt 0:19:59]} Ne8 {[%emt 0:00:08]} 15. Bxa6 {[%emt 0:00:04]} bxa6 {[%emt 0:00:02]} 16. Nge2 {[%emt 0:00:47]} Nc7 {[%emt 0:00:46]} 17. Nd1 {[%emt 0:02:39]} f6 {[%emt 0:02:01]} 18. O-O {[%emt 0:05:10]} Qb8 {[%emt 0:03:20]} 19. b3 {[%emt 0:03:06]} fxg5 {[%emt 0:04:18]} 20. hxg5 {[%emt 0:01:46]} Rf7 {[%emt 0:00:56]} 21. Kg2 {[%emt 0:03:22]} Qb7 {[%emt 0:22:00]} 22. Rc1 {[%emt 0:01:45]} Raf8 {[%emt 0:00:17]} 23. a4 {[%emt 0:07:07]} Ne8 {[%emt 0:03:48]} 24. Rc3 {[%emt 0:02:35]} Qb4 {[%emt 0:04:35]} 25. Qc2 {[%emt 0:08:09]} Qb8 {[%emt 0:00:46]} 26. Nb2 {[%emt 0:04:38]} Qd8 {[%emt 0:00:20]} 27. Nd3 {[%emt 0:02:49]} Bh3+ {[%emt 0:00:27]} 28. Kxh3 {[%emt 0:05:17]} Rxf3+ {[%emt 0:00:33]} 29. Rxf3 {[%emt 0:00:10]} Rxf3+ {[%emt 0:00:04]} 30. Kh2 {[%emt 0:00:26]} Rxe3 {[%emt 0:00:05]} 31. Rc8 {[%emt 0:02:28]} Qxg5 {[%emt 0:00:45]} 32. Rxe8 {[%emt 0:00:18]} Qg4 {[%emt 0:00:16]} 33. Ng1 {[%emt 0:00:25]} Qh4+ {[%emt 0:00:15]} 34. Kg2 {[%emt 0:00:07]} Qxe4+ {[%emt 0:00:02]} 0-1

[Event "9th RTU Open 2019"]
[Site "Riga"]
[Date "2019.08.06"]
[Round "2.2"]
[White "Hovhannisyan, Robert"]
[Black "Ioannidis, Evgenios"]
[Result "1/2-1/2"]
[WhiteElo "2640"]
[BlackElo "2367"]
[Annotator "ChessBase"]
[PlyCount "135"]
[EventDate "2019.08.05"]
[EventType "swiss"]
[EventCountry "LAT"]
[SourceTitle "playchess.com"]
[Source "ChessBase"]
[SourceQuality "1"]
[TimeControl "5400+30"]

1. e4 {[%emt 0:00:00]} e5 {[%emt 0:00:00]} 2. Nf3 {[%emt 0:00:00]} Nc6 {[%emt 0:00:12]} 3. Bb5 {[%emt 0:00:00]} a6 {[%emt 0:00:26]} 4. Ba4 {[%emt 0:00:01]} d6 {[%emt 0:00:50]} 5. O-O {[%emt 0:02:56]} Bd7 {[%emt 0:01:08]} 6. Bxc6 {[%emt 0:02:43]} bxc6 {[%emt 0:01:14]} 7. d4 {[%emt 0:00:04]} exd4 {[%emt 0:00:21]} 8. Qxd4 {[%emt 0:04:42]} c5 {[%emt 0:02:39]} 9. Qd3 {[%emt 0:02:26]} Ne7 {[%emt 0:02:05]} 10. Nc3 {[%emt 0:03:33]} Ng6 {[%emt 0:01:31]} 11. Nd5 {[%emt 0:01:38]} Be7 {[%emt 0:03:50]} 12. Bd2 {[%emt 0:02:00]} O-O {[%emt 0:09:21]} 13. Ba5 {[%emt 0:07:26]} Ra7 {[%emt 0:00:29]} 14. a3 {[%emt 0:08:17]} Bf6 {[%emt 0:09:09]} 15. Rab1 {[%emt 0:02:38]} Re8 {[%emt 0:01:54]} 16. Rfe1 {[%emt 0:02:03]} Ne5 {[%emt 0:18:00]} 17. Nxf6+ {[%emt 0:04:40]} Qxf6 {[%emt 0:00:07]} 18. Nxe5 {[%emt 0:00:04]} Qxe5 {[%emt 0:00:16]} 19. Bc3 {[%emt 0:01:06]} Bb5 {[%emt 0:06:14]} 20. Qd2 {[%emt 0:03:13]} Qh5 {[%emt 0:02:42]} 21. Re3 {[%emt 0:09:00]} Re6 {[%emt 0:04:56]} 22. a4 {[%emt 0:08:13]} Bxa4 {[%emt 0:05:27]} 23. Rh3 {[%emt 0:00:16]} Qg6 {[%emt 0:00:24]} 24. Rg3 {[%emt 0:00:58]} Qh6 {[%emt 0:00:11]} 25. Rxg7+ {[%emt 0:01:44]} Kf8 {[%emt 0:00:59]} 26. Rg5 {[%emt 0:08:00]} Rg6 {[%emt 0:02:58]} 27. f4 {[%emt 0:00:20]} Rxg5 {[%emt 0:01:43]} 28. fxg5 {[%emt 0:00:04]} Qg6 {[%emt 0:01:27]} 29. Re1 {[%emt 0:03:33]} Ra8 {[%emt 0:12:06]} 30. Bf6 {[%emt 0:03:19]} Re8 {[%emt 0:02:24]} 31. b3 {[%emt 0:00:31]} Bc6 {[%emt 0:02:30]} 32. e5 {[%emt 0:00:01]} Kg8 {[%emt 0:00:10]} 33. Qf2 {[%emt 0:04:49]} Re6 {[%emt 0:01:25]} 34. Re2 {[%emt 0:02:46]} Bb5 {[%emt 0:03:21]} 35. Qf3 {[%emt 0:02:04]} dxe5 {[%emt 0:01:16]} 36. Rd2 {[%emt 0:01:05]} e4 {[%emt 0:01:42]} 37. Qe3 {[%emt 0:01:25]} Qf5 {[%emt 0:00:38]} 38. c4 {[%emt 0:03:50]} Bc6 {[%emt 0:00:04]} 39. h3 {[%emt 0:01:37]} Rd6 {[%emt 0:00:42]} 40. Rxd6 {[%emt 0:01:10]} cxd6 {[%emt 0:00:03]} 41. Qg3 {[%emt 0:00:09]} Qe6 {[%emt 0:01:38]} 42. Qh4 {[%emt 0:00:17]} Qf5 {[%emt 0:00:28]} 43. Qg3 {[%emt 0:03:39]} Qe6 {[%emt 0:00:05]} 44. Qe3 {[%emt 0:00:04]} d5 {[%emt 0:00:38]} 45. cxd5 {[%emt 0:00:53]} Qxd5 {[%emt 0:01:09]} 46. Qf4 {[%emt 0:00:54]} Qe6 {[%emt 0:00:22]} 47. Be5 {[%emt 0:00:28]} a5 {[%emt 0:01:20]} 48. Kh2 {[%emt 0:00:33]} e3 {[%emt 0:00:40]} 49. Qxe3 {[%emt 0:00:17]} Qd5 {[%emt 0:00:11]} 50. Qg3 {[%emt 0:00:19]} Kf8 {[%emt 0:00:17]} 51. Bf6 {[%emt 0:00:46]} Ke8 {[%emt 0:00:20]} 52. Qg4 {[%emt 0:02:31]} Qe6 {[%emt 0:00:08]} 53. Qd1 {[%emt 0:00:30]} Qd5 {[%emt 0:00:12]} 54. Qg4 {[%emt 0:00:28]} Qe6 {[%emt 0:00:05]} 55. Qg3 {[%emt 0:00:16]} Kd7 {[%emt 0:00:30]} 56. Be5 {[%emt 0:00:54]} c4 {[%emt 0:01:25]} 57. bxc4 {[%emt 0:00:14]} Qxc4 {[%emt 0:00:04]} 58. Bb2 {[%emt 0:00:54]} a4 {[%emt 0:00:43]} 59. Ba3 {[%emt 0:00:10]} Qd5 {[%emt 0:00:10]} 60. Qg4+ {[%emt 0:00:16]} Qe6 {[%emt 0:00:34]} 61. Qd1+ {[%emt 0:01:03]} Qd5 {[%emt 0:00:14]} 62. Qe2 {[%emt 0:00:15]} Qe4 {[%emt 0:00:18]} 63. Qd1+ {[%emt 0:00:46]} Qd5 {[%emt 0:00:05]} 64. Qf1 {[%emt 0:00:21]} Qe5+ {[%emt 0:00:48]} 65. Kh1 {[%emt 0:00:06]} Ke8 {[%emt 0:01:27]} 66. Qc1 {[%emt 0:00:49]} Qd5 {[%emt 0:01:07]} 67. Qb2 {[%emt 0:00:27]} Qxg5 {[%emt 0:00:40]} 68. Qe2+ {[%emt 0:00:43]} 1/2-1/2

[Event "9th RTU Open 2019"]
[Site "Riga"]
[Date "2019.08.06"]
[Round "2.3"]
[White "Miedema, David"]
[Black "Abasov, Nijat"]
[Result "0-1"]
[WhiteElo "2371"]
[BlackElo "2641"]
[Annotator "ChessBase"]
[PlyCount "54"]
[EventDate "2019.08.05"]
[EventType "swiss"]
[EventCountry "LAT"]
[SourceTitle "playchess.com"]
[Source "ChessBase"]
[SourceQuality "1"]
[TimeControl "5400+30"]

1. e4 {[%emt 0:00:00]} e6 {[%emt 0:07:11]} 2. d4 {[%emt 0:00:00]} d5 {[%emt 0:00:06]} 3. Nd2 {[%emt 0:03:44]} Nf6 {[%emt 0:05:45]} 4. e5 {[%emt 0:00:04]} Nfd7 {[%emt 0:00:10]} 5. Bd3 {[%emt 0:00:32]} c5 {[%emt 0:00:07]} 6. c3 {[%emt 0:00:04]} Nc6 {[%emt 0:00:07]} 7. Ngf3 {[%emt 0:00:28]} f6 {[%emt 0:12:35]} 8. Ng5 {[%emt 0:05:25]} Ndxe5 {[%emt 0:05:21]} 9. dxe5 {[%emt 0:00:31]} fxg5 {[%emt 0:00:06]} 10. Qh5+ {[%emt 0:00:14]} Kd7 {[%emt 0:00:46]} 11. Nf3 {[%emt 0:00:33]} Qe8 {[%emt 0:06:01]} 12. Qxg5 {[%emt 0:03:08]} Kc7 {[%emt 0:01:05]} 13. h4 {[%emt 0:09:58]} Bd7 {[%emt 0:01:01]} 14. h5 {[%emt 0:00:35]} Rc8 {[%emt 0:02:48]} 15. Qg3 {[%emt 0:13:40]} Ne7 {[%emt 0:11:27]} 16. Be3 {[%emt 0:00:24]} Kb8 {[%emt 0:00:07]} 17. Qf4 {[%emt 0:12:45]} d4 {[%emt 0:05:21]} 18. cxd4 {[%emt 0:01:40]} Nd5 {[%emt 0:00:06]} 19. Qg4 {[%emt 0:02:02]} Bb5 {[%emt 0:00:55]} 20. Rd1 {[%emt 0:06:34]} c4 {[%emt 0:06:16]} 21. Be4 {[%emt 0:05:17]} c3 {[%emt 0:00:08]} 22. Bxd5 {[%emt 0:00:49]} exd5 {[%emt 0:02:38]} 23. bxc3 {[%emt 0:00:37]} Rxc3 {[%emt 0:00:07]} 24. Rc1 {[%emt 0:04:06]} Rxc1+ {[%emt 0:02:37]} 25. Bxc1 {[%emt 0:00:02]} Qc6 {[%emt 0:00:08]} 26. Bd2 {[%emt 0:00:58]} Bb4 {[%emt 0:00:15]} 27. Kd1 {[%emt 0:01:00]} Bd3 {[%emt 0:00:20]} 0-1

[Event "9th RTU Open 2019"]
[Site "Riga"]
[Date "2019.08.06"]
[Round "2.4"]
[White "Suleymenov, Alisher"]
[Black "Bauer, Christian"]
[Result "0-1"]
[WhiteElo "2368"]
[BlackElo "2646"]
[Annotator "ChessBase"]
[PlyCount "80"]
[EventDate "2019.08.05"]
[EventType "swiss"]
[EventCountry "LAT"]
[SourceTitle "playchess.com"]
[Source "ChessBase"]
[SourceQuality "1"]
[TimeControl "5400+30"]

1. d4 {[%emt 0:00:00]} a6 {[%emt 0:00:00]} 2. e4 {[%emt 0:24:10]} e6 {[%emt 0:00:00]} 3. Nf3 {[%emt 0:08:28]} d5 {[%emt 0:00:00]} 4. e5 {[%emt 0:01:28]} Bd7 {[%emt 0:00:34]} 5. c4 {[%emt 0:05:12]} dxc4 {[%emt 0:00:45]} 6. Bxc4 {[%emt 0:00:03]} Bc6 {[%emt 0:00:12]} 7. O-O {[%emt 0:01:12]} Ne7 {[%emt 0:11:44]} 8. Nc3 {[%emt 0:11:28]} h6 {[%emt 0:07:39]} 9. Be3 {[%emt 0:06:53]} Nd7 {[%emt 0:04:45]} 10. d5 {[%emt 0:02:15]} exd5 {[%emt 0:00:09]} 11. Nxd5 {[%emt 0:00:04]} Nxd5 {[%emt 0:14:47]} 12. Bxd5 {[%emt 0:00:04]} Bxd5 {[%emt 0:00:08]} 13. Qxd5 {[%emt 0:00:04]} Nc5 {[%emt 0:00:07]} 14. Qc4 {[%emt 0:02:23]} Qd3 {[%emt 0:00:26]} 15. Qc1 {[%emt 0:07:29]} Ne6 {[%emt 0:01:57]} 16. Rd1 {[%emt 0:00:32]} Qe4 {[%emt 0:02:27]} 17. Qc3 {[%emt 0:18:06]} Be7 {[%emt 0:15:59]} 18. Nd2 {[%emt 0:00:05]} Qg6 {[%emt 0:10:15]} 19. Qb3 {[%emt 0:01:55]} O-O-O {[%emt 0:02:44]} 20. Nc4 {[%emt 0:02:14]} Qe4 {[%emt 0:10:57]} 21. Na5 {[%emt 0:02:25]} Rxd1+ {[%emt 0:03:17]} 22. Rxd1 {[%emt 0:00:04]} Rd8 {[%emt 0:00:08]} 23. Rc1 {[%emt 0:01:46]} Bg5 {[%emt 0:04:02]} 24. Nc4 {[%emt 0:02:38]} Nd4 {[%emt 0:03:07]} 25. Qd1 {[%emt 0:00:10]} Kb8 {[%emt 0:01:37]} 26. h3 {[%emt 0:01:03]} Bxe3 {[%emt 0:02:20]} 27. fxe3 {[%emt 0:00:07]} Nc6 {[%emt 0:00:18]} 28. Qc2 {[%emt 0:00:41]} Qxc2 {[%emt 0:00:05]} 29. Rxc2 {[%emt 0:00:02]} b5 {[%emt 0:00:38]} 30. Na3 {[%emt 0:01:15]} Rd1+ {[%emt 0:00:44]} 31. Kf2 {[%emt 0:00:39]} Nxe5 {[%emt 0:00:46]} 32. Ke2 {[%emt 0:00:24]} Rg1 {[%emt 0:00:21]} 33. Kf2 {[%emt 0:00:22]} Ra1 {[%emt 0:00:07]} 34. b3 {[%emt 0:00:32]} Nd3+ {[%emt 0:00:21]} 35. Kg3 {[%emt 0:00:03]} Nb4 {[%emt 0:01:05]} 36. Rc5 {[%emt 0:00:01]} Kc8 {[%emt 0:01:17]} 37. Rf5 {[%emt 0:01:12]} Rxa2 {[%emt 0:00:18]} 38. Nb1 {[%emt 0:00:38]} Rb2 {[%emt 0:00:12]} 39. Nc3 {[%emt 0:00:38]} Rxb3 {[%emt 0:00:22]} 40. Ne4 {[%emt 0:00:05]} f6 {[%emt 0:00:26]} 0-1

[Event "9th RTU Open 2019"]
[Site "Riga"]
[Date "2019.08.06"]
[Round "2.5"]
[White "Larkin, Vladyslav"]
[Black "Gajewski, Grzegorz"]
[Result "0-1"]
[WhiteElo "2366"]
[BlackElo "2613"]
[Annotator "ChessBase"]
[PlyCount "138"]
[EventDate "2019.08.05"]
[EventType "swiss"]
[EventCountry "LAT"]
[SourceTitle "playchess.com"]
[Source "ChessBase"]
[SourceQuality "1"]
[TimeControl "5400+30"]

1. d4 {[%emt 0:00:00]} Nf6 {[%emt 0:00:00]} 2. Nf3 {[%emt 0:00:00]} g6 {[%emt 0:00:01]} 3. Bf4 {[%emt 0:00:38]} Bg7 {[%emt 0:00:19]} 4. h3 {[%emt 0:00:44]} O-O {[%emt 0:00:16]} 5. c3 {[%emt 0:00:19]} d6 {[%emt 0:01:03]} 6. Nbd2 {[%emt 0:00:10]} Nc6 {[%emt 0:00:42]} 7. Bh2 {[%emt 0:00:43]} Nd7 {[%emt 0:06:58]} 8. e4 {[%emt 0:09:37]} e5 {[%emt 0:00:37]} 9. dxe5 {[%emt 0:00:04]} Ndxe5 {[%emt 0:02:11]} 10. Nxe5 {[%emt 0:08:10]} dxe5 {[%emt 0:02:30]} 11. Bc4 {[%emt 0:01:16]} Qe7 {[%emt 0:08:20]} 12. O-O {[%emt 0:03:49]} Rd8 {[%emt 0:03:33]} 13. Qe2 {[%emt 0:00:38]} Bxh3 {[%emt 0:07:09]} 14. gxh3 {[%emt 0:05:10]} Qg5+ {[%emt 0:00:03]} 15. Qg4 {[%emt 0:00:04]} Qxg4+ {[%emt 0:00:49]} 16. hxg4 {[%emt 0:00:04]} Rxd2 {[%emt 0:00:07]} 17. Rad1 {[%emt 0:00:12]} Rad8 {[%emt 0:00:29]} 18. Bd5 {[%emt 0:00:17]} Rxd1 {[%emt 0:06:15]} 19. Rxd1 {[%emt 0:00:05]} Rd7 {[%emt 0:08:15]} 20. Rd3 {[%emt 0:11:22]} Kf8 {[%emt 0:05:05]} 21. Rf3 {[%emt 0:00:14]} Nd8 {[%emt 0:03:40]} 22. b4 {[%emt 0:01:17]} c6 {[%emt 0:00:33]} 23. Bb3 {[%emt 0:00:04]} Ke7 {[%emt 0:01:03]} 24. Kf1 {[%emt 0:10:27]} Ne6 {[%emt 0:03:57]} 25. Ke2 {[%emt 0:01:30]} Ng5 {[%emt 0:00:43]} 26. Re3 {[%emt 0:00:49]} Bf6 {[%emt 0:05:41]} 27. Bg3 {[%emt 0:22:56]} Rd8 {[%emt 0:04:49]} 28. Bh4 {[%emt 0:01:53]} Ne6 {[%emt 0:00:48]} 29. Bxf6+ {[%emt 0:00:38]} Kxf6 {[%emt 0:00:03]} 30. Bxe6 {[%emt 0:00:05]} Kxe6 {[%emt 0:02:35]} 31. Rh3 {[%emt 0:00:08]} Rh8 {[%emt 0:00:06]} 32. g5 {[%emt 0:04:15]} f6 {[%emt 0:01:33]} 33. gxf6 {[%emt 0:02:22]} Kxf6 {[%emt 0:00:19]} 34. Rf3+ {[%emt 0:00:29]} Ke6 {[%emt 0:00:09]} 35. Rg3 {[%emt 0:01:00]} Rg8 {[%emt 0:00:10]} 36. Ke3 {[%emt 0:01:35]} h5 {[%emt 0:00:30]} 37. Rg5 {[%emt 0:02:29]} Kf6 {[%emt 0:00:45]} 38. Rg1 {[%emt 0:02:47]} g5 {[%emt 0:01:53]} 39. Rh1 {[%emt 0:01:58]} h4 {[%emt 0:00:42]} 40. Rd1 {[%emt 0:03:38]} g4 {[%emt 0:03:17]} 41. Rd6+ {[%emt 0:03:16]} Ke7 {[%emt 0:00:16]} 42. Rh6 {[%emt 0:00:28]} g3 {[%emt 0:00:06]} 43. fxg3 {[%emt 0:00:04]} hxg3 {[%emt 0:00:08]} 44. Rh1 {[%emt 0:00:08]} g2 {[%emt 0:05:08]} 45. Rg1 {[%emt 0:00:04]} Rg3+ {[%emt 0:00:04]} 46. Kf2 {[%emt 0:00:05]} Rxc3 {[%emt 0:00:04]} 47. Kxg2 {[%emt 0:00:04]} Rc4 {[%emt 0:00:07]} 48. a3 {[%emt 0:00:44]} Rxe4 {[%emt 0:00:20]} 49. Kf3 {[%emt 0:00:03]} Rf4+ {[%emt 0:00:06]} 50. Ke3 {[%emt 0:00:03]} a5 {[%emt 0:03:39]} 51. bxa5 {[%emt 0:01:01]} Ra4 {[%emt 0:00:03]} 52. Rg7+ {[%emt 0:00:10]} Kd6 {[%emt 0:00:05]} 53. Rxb7 {[%emt 0:00:08]} Rxa3+ {[%emt 0:00:05]} 54. Ke4 {[%emt 0:01:20]} Rxa5 {[%emt 0:00:10]} 55. Rb8 {[%emt 0:02:23]} Ra4+ {[%emt 0:00:07]} 56. Ke3 {[%emt 0:00:05]} c5 {[%emt 0:02:36]} 57. Rd8+ {[%emt 0:00:15]} Kc6 {[%emt 0:00:09]} 58. Rc8+ {[%emt 0:01:30]} Kd5 {[%emt 0:00:06]} 59. Rd8+ {[%emt 0:00:05]} Kc4 {[%emt 0:00:05]} 60. Ke4 {[%emt 0:03:10]} Kc3+ {[%emt 0:01:18]} 61. Kxe5 {[%emt 0:00:31]} Rh4 {[%emt 0:00:08]} 62. Rg8 {[%emt 0:00:18]} c4 {[%emt 0:00:09]} 63. Kd5 {[%emt 0:00:40]} Kb3 {[%emt 0:00:20]} 64. Rb8+ {[%emt 0:00:14]} Kc2 {[%emt 0:00:03]} 65. Rb4 {[%emt 0:01:03]} Kd3 {[%emt 0:00:05]} 66. Ke5 {[%emt 0:00:27]} Rh5+ {[%emt 0:00:21]} 67. Kf4 {[%emt 0:00:08]} c3 {[%emt 0:00:04]} 68. Rb8 {[%emt 0:00:37]} c2 {[%emt 0:00:57]} 69. Rc8 {[%emt 0:00:35]} Rh4+ {[%emt 0:00:08]} 0-1